000 00992cam a2200289 i 4500
001 4785464
003 EG-ScBUE
005 20250709091618.0
008 870312t1987 nyua f b 001 0 eng d
020 _a0442211600
040 _aDLC
_beng
_erda
_cDLC
_dDLC
_dEG-ScBUE
082 0 4 _a541.395
_222
_bMET
245 0 0 _aMetal-support interactions in catalysis, sintering, and redispersion /
_cedited by Scott A. Stevenson [and three others]
264 1 _aNew York :
_bVan Nostrand Reinhold Company,
_c[1987]
264 4 _cc1987
300 _axii, 315 pages :
_billustrations ;
_c24 cm
336 _2rdacontent
_atext
_btxt
337 _aunmediated
_2rdamedia
_bn
338 _avolume
_bnc
_2rdacarrier
504 _aIncludes bibliographical references and index.
650 7 _aMetal catalysts.
_2BUEsh
_96964
650 7 _aCatalysis.
_2BUEsh
_96965
650 7 _aCatalyst supports.
_2BUEsh
_96966
655 _vReading book
700 1 _aStevenson, Scott A.,
_eeditor.
_96967
942 _2ddc
_cBB
999 _c12040
_d12040